00399nam a22001217a 450000500170000002000220001708200160003924500820005526000390013730000100017665000440018670000470023020260107123037.0 a978-1-032-28560-3 a591.77CAS/P aPhysiology of Marine Mammals/cEd by Michael A Castellini and Jo-Ann Mellish  a.-Boca Raton,FLb:CRC Pressc,2024 a354p. aMarine Animals , Phisiology,Adaptations aCastellini,Michael A and Mellish,Jo-Ann Ed